000 00977nam a2200265 i 4500
003 DO-SdBNP
005 20240829121650.0
007 ta
008 240829s1984 sp a 000 0 spa d
040 _aDO-SdBNP
_bspa
_cBNPHU
_erda
082 _bV169d
_222
100 _aValgañon Martinez, Asuncion
_eautora
_986462
245 1 0 _aDossier de un condenado :
_bhomenaje a Federico Garcia Lorca /
_cAsunción Valgañon Martinez ; prólogo Alberto Baeza Flores
264 1 _a[Bilbao, España] :
_bComunicación literaria de autores,
_c[1984].
300 _a129 páginas
_bilustraciones
_c20 cm.
336 _2rdacontent
_atexto
_btxt
337 _2rdamedia
_asin mediación
_bn
338 _2rdacarrier
_avolumen
_bnc
490 1 _aSelecciones poéticas de CLA
500 _aFinalista del premio internacional de poesía "Rosa de Oro", 1984.
590 _aInventariado, 2024/ YL
700 1 _aBaeza Flores, Alberto
_eprólogo
_986461
910 _aYLockward
942 _2ddc
_cLBS1
999 _c57580
_d57580